[Event "Leiden SB-ch"]
[Site "Leiden"]
[Date "2004.06.09"]
[Round "4"]
[White "Mellegers, Joost P"]
[Black "Termeulen, Albert"]
[Result "1-0"]
[WhiteElo "2260"]
[BlackElo "2122"]
[PlyCount "69"]
[EventDate "2004.05.19"]
[EventType "swiss"]
[EventRounds "7"]
[EventCountry "NED"]
[SourceTitle "EXT 2012"]
[Source "ChessBase"]
[SourceDate "2011.11.24"]
[SourceVersion "1"]
[SourceVersionDate "2011.11.24"]
[SourceQuality "1"]

1. Nf3 Nf6 2. c4 g6 3. Nc3 Bg7 4. e4 d6 5. d4 0-0 6. Be2 Nbd7 7. 0-0 e5 8. Be3 c6 9. d5 Ng4 10. Bg5 f6 11. Bd2 c5 12. Nb5 Nb8 13. b4 Na6 14. a3 f5 15. Ng5 Nf6 16. exf5 gxf5 17. f4 Ne4 18. Nxe4 fxe4 19. Rb1 Bf5 20. Rb3 Bg6 21. Bg4 exf4 22. Bxf4 Nc7 23. bxc5 Nxb5 24. Rxb5 dxc5 25. Rxb7 Bd4+ 26. Kh1 Rxf4 27. Be6+ Kh8 28. Rxf4 Be5 29. Qf1 e3 30. g3 Qd6 31. Rd7 Qb8 32. Bf5 e2 33. Qxe2 Bxf5 34. Rxf5 Bd4 35. Rxh7+ 1-0

[Event "Leiden SB-ch"]
[Site "Leiden"]
[Date "2004.06.02"]
[Round "3"]
[White "Ruijgrok, Dennis"]
[Black "Mellegers, Joost P"]
[Result "1-0"]
[WhiteElo "2171"]
[BlackElo "2260"]
[PlyCount "133"]
[EventDate "2004.05.19"]
[EventType "swiss"]
[EventRounds "7"]
[EventCountry "NED"]
[SourceTitle "EXT 2012"]
[Source "ChessBase"]
[SourceDate "2011.11.24"]
[SourceVersion "1"]
[SourceVersionDate "2011.11.24"]
[SourceQuality "1"]

1. e4 c5 2. Nf3 d6 3. c3 Nf6 4. h3 Nbd7 5. Bd3 b6 6. 0-0 Bb7 7. Re1 Qc7 8. Bc2 Rc8 9. d4 cxd4 10. Nxd4 a6 11. Nd2 g6 12. Nf1 Bg7 13. Bg5 0-0 14. Qc1 Rfe8 15. Bh6 Bh8 16. Ng3 Nf8 17. Bb3 e6 18. Qe3 Qc5 19. Rad1 Rcd8 20. Kh1 e5 21. Nc2 Qxe3 22. Bxe3 b5 23. Bb6 Rd7 24. Nb4 Ne6 25. f3 Bg7 26. Nf1 Nc5 27. Ne3 Nxb3 28. axb3 Rb8 29. Ba5 Ne8 30. c4 Nf6 31. Nec2 bxc4 32. bxc4 Rc8 33. Ne3 Bf8 34. b3 Be7 35. Rd3 Bd8 36. Bxd8 Rcxd8 37. Ra1 Ra8 38. Ra5 Kf8 39. Kg1 Rb8 40. Ned5 Bxd5 41. Nxd5 Nxd5 42. Raxd5 Rdb7 43. Rxd6 Rxb3 44. Rxb3 Rxb3 45. Rxa6 Rc3 46. Rc6 g5 47. Kf2 h5 48. Kg3 Rc2 49. h4 gxh4+ 50. Kh3 Kg7 51. Rc8 Kf6 52. c5 Kg5 53. c6 Rc1 54. Kh2 Kf4 55. Rf8 Rxc6 56. Rxf7+ Ke3 57. Rf5 Kf2 58. Rxe5 Rg6 59. Kh3 Rxg2 60. Rf5 Rg1 61. Kxh4 Rh1+ 62. Kg5 h4 63. Kf4 h3 64. Ra5 Re1 65. Ra2+ Re2 66. Rxe2+ Kxe2 67. Kg3 1-0

[Event "BL2-West 0203"]
[Site "Germany"]
[Date "2003.03.09"]
[Round "8.8"]
[White "Scholz, Christian"]
[Black "Mellegers, Joost P"]
[Result "1-0"]
[WhiteElo "2383"]
[BlackElo "2282"]
[PlyCount "119"]
[EventDate "2002.10.20"]
[EventType "team-tourn"]
[EventRounds "9"]
[EventCountry "GER"]
[SourceTitle "EXT 2004"]
[Source "ChessBase"]
[SourceDate "2003.11.25"]
[SourceVersion "1"]
[SourceVersionDate "2003.11.25"]
[SourceQuality "1"]
[WhiteTeam "Katernberg"]
[BlackTeam "Betzdorf Kirchen"]
[WhiteTeamCountry "GER"]
[BlackTeamCountry "GER"]

1. d4 d5 2. c4 c6 3. Nf3 Nf6 4. Nc3 e6 5. e3 Nbd7 6. Bd3 dxc4 7. Bxc4 b5 8. Bd3 a6 9. 0-0 c5 10. a4 b4 11. Ne4 Bb7 12. Ng3 Be7 13. Qe2 0-0 14. Rd1 Qb6 15. a5 Qc7 16. e4 cxd4 17. Nxd4 Rfd8 18. f3 Ne5 19. Be3 Nxd3 20. Rxd3 Rac8 21. Nf1 Nd7 22. Rd2 Nc5 23. Rc2 Qd7 24. Nd2 Bf6 25. Rc4 e5 26. Nf5 Nd3 27. b3 Bc6 28. Nf1 Bb5 29. Rxc8 Qxc8 30. Bb6 Rd7 31. N1e3 Qc3 32. Rb1 Nf4 33. Qe1 Bd3 34. Qxc3 bxc3 35. Rd1 g6 36. Ng3 Kf8 37. Rc1 Bh4 38. Rxc3 Kg7 39. Rc7 Rxc7 40. Bxc7 f6 41. Ngf5+ gxf5 42. Nxf5+ Kf7 43. Nxh4 Ne2+ 44. Kf2 Nd4 45. b4 Ke6 46. Bb6 Nb3 47. Ke3 Bf1 48. g3 Kd7 49. Nf5 Kc6 50. Ne7+ Kb5 51. Nd5 Bc4 52. Nxf6 Kxb4 53. Nd7 Nxa5 54. Nxe5 Nb3 55. Nxc4 Kxc4 56. e5 Kd5 57. f4 h5 58. Kd3 Nc1+ 59. Kd2 Nb3+ 60. Kc2 1-0

[Event "BL2-West 0203"]
[Site "Germany"]
[Date "2002.12.15"]
[Round "3.8"]
[White "Hengelbrock, Joachim"]
[Black "Mellegers, Joost P"]
[Result "1-0"]
[WhiteElo "2292"]
[BlackElo "2282"]
[PlyCount "83"]
[EventDate "2002.10.20"]
[EventType "team-tourn"]
[EventRounds "9"]
[EventCountry "GER"]
[SourceTitle "EXT 2004"]
[Source "ChessBase"]
[SourceDate "2003.11.25"]
[SourceVersion "1"]
[SourceVersionDate "2003.11.25"]
[SourceQuality "1"]
[WhiteTeam "Bochum"]
[BlackTeam "Betzdorf Kirchen"]
[WhiteTeamCountry "GER"]
[BlackTeamCountry "GER"]

1. e4 c5 2. Nf3 Nc6 3. d4 cxd4 4. Nxd4 e5 5. Nb5 d6 6. Be2 Be7 7. 0-0 Nf6 8. N5c3 0-0 9. Be3 Be6 10. Bf3 Rc8 11. a3 a6 12. Nd5 Bxd5 13. exd5 Nb8 14. Be2 Nfd7 15. c4 f5 16. Nc3 Bg5 17. Bxg5 Qxg5 18. Rc1 Rf6 19. g3 e4 20. b4 Ne5 21. c5 Nbd7 22. c6 bxc6 23. dxc6 Rxc6 24. Nd5 Rg6 25. Rxc6 Nxc6 26. Qc1 Nde5 27. Qxg5 Rxg5 28. h4 Rg6 29. Rc1 Nd4 30. Bxa6 Nef3+ 31. Kf1 Re6 32. Rc8+ Kf7 33. Rc7+ Kf8 34. b5 Re8 35. b6 Ne6 36. Rc8 Nc5 37. b7 Nxa6 38. Nc7 Nxc7 39. b8Q Rxc8 40. Qxc8+ Ne8 41. Qxf5+ Nf6 42. a4 1-0

[Event "Vlissingen HZ op 06th"]
[Site "Vlissingen"]
[Date "2002.08.11"]
[Round "9"]
[White "Kasparov, Sergey"]
[Black "Mellegers, Joost P"]
[Result "1/2-1/2"]
[WhiteElo "2457"]
[BlackElo "2280"]
[PlyCount "29"]
[EventDate "2002.08.04"]
[EventType "swiss"]
[EventRounds "9"]
[EventCountry "NED"]
[SourceTitle "CBM 089 Extra"]
[Source "ChessBase"]
[SourceDate "2002.09.10"]
[SourceVersion "2"]
[SourceVersionDate "2002.09.10"]
[SourceQuality "1"]

1. e4 c5 2. Nf3 d6 3. d4 cxd4 4. Nxd4 Nf6 5. f3 Nc6 6. c4 Qb6 7. Nc2 e6 8. Nc3 Be7 9. Be2 0-0 10. Rb1 Rd8 11. Be3 Qa5 12. Bd2 Qb6 13. Be3 Qa5 14. Bd2 Qb6 15. Be3 1/2-1/2

[Event "Vlissingen HZ op 06th"]
[Site "Vlissingen"]
[Date "2002.08.10"]
[Round "8"]
[White "Mellegers, Joost P"]
[Black "Roeder, Mathias"]
[Result "1/2-1/2"]
[WhiteElo "2280"]
[BlackElo "2485"]
[PlyCount "51"]
[EventDate "2002.08.04"]
[EventType "swiss"]
[EventRounds "9"]
[EventCountry "NED"]
[SourceTitle "CBM 089 Extra"]
[Source "ChessBase"]
[SourceDate "2002.09.10"]
[SourceVersion "2"]
[SourceVersionDate "2002.09.10"]
[SourceQuality "1"]

1. Nf3 Nf6 2. c4 b6 3. g3 c5 4. Bg2 Bb7 5. 0-0 g6 6. Nc3 Bg7 7. d4 cxd4 8. Qxd4 Nc6 9. Qf4 Na5 10. b3 d5 11. Rd1 Qc8 12. Ba3 dxc4 13. b4 Nc6 14. Qxc4 a6 15. Rac1 0-0 16. Ne5 Nxe5 17. Qxc8 Bxc8 18. Bxa8 Nc4 19. Nb1 b5 20. Bg2 Bf5 21. e4 Bxe4 22. Bxe4 Nxe4 23. Rc2 Ng5 24. Re2 e6 25. Bb2 Rc8 26. Kg2 1/2-1/2

[Event "Vlissingen HZ op 06th"]
[Site "Vlissingen"]
[Date "2002.08.08"]
[Round "6"]
[White "Stefanova, Antoaneta"]
[Black "Mellegers, Joost P"]
[Result "1-0"]
[WhiteElo "2497"]
[BlackElo "2280"]
[PlyCount "67"]
[EventDate "2002.08.04"]
[EventType "swiss"]
[EventRounds "9"]
[EventCountry "NED"]
[SourceTitle "CBM 089 Extra"]
[Source "ChessBase"]
[SourceDate "2002.09.10"]
[SourceVersion "2"]
[SourceVersionDate "2002.09.10"]
[SourceQuality "1"]

1. Nf3 d5 2. g3 Nf6 3. Bg2 c6 4. 0-0 Bg4 5. d3 Nbd7 6. Qe1 e5 7. e4 dxe4 8. dxe4 Bc5 9. h3 Bh5 10. Nbd2 0-0 11. Nc4 Re8 12. a4 a5 13. Nh4 b6 14. Bg5 Qc7 15. Kh1 Rad8 16. c3 Re6 17. f4 exf4 18. gxf4 h6 19. Bxf6 Nxf6 20. e5 Ree8 21. Nf5 Nd5 22. Qg3 Bg6 23. Nxh6+ gxh6 24. f5 Kh7 25. fxg6+ fxg6 26. Be4 Re6 27. h4 h5 28. Rf5 Nf6 29. Qf3 gxf5 30. Bxf5+ Kh8 31. Bxe6 Nh7 32. Qxh5 b5 33. Rf1 Qg7 34. Nd6 1-0

[Event "Vlissingen HZ op 06th"]
[Site "Vlissingen"]
[Date "2002.08.07"]
[Round "5"]
[White "Schmitz, Andreas Arnold"]
[Black "Mellegers, Joost P"]
[Result "0-1"]
[WhiteElo "2139"]
[BlackElo "2280"]
[PlyCount "148"]
[EventDate "2002.08.04"]
[EventType "swiss"]
[EventRounds "9"]
[EventCountry "NED"]
[SourceTitle "CBM 089 Extra"]
[Source "ChessBase"]
[SourceDate "2002.09.10"]
[SourceVersion "2"]
[SourceVersionDate "2002.09.10"]
[SourceQuality "1"]

1. e4 c5 2. c3 d5 3. exd5 Qxd5 4. d4 Nf6 5. Nf3 Bg4 6. Be2 e6 7. Qa4+ Nc6 8. Bc4 Qd7 9. Nbd2 Rc8 10. Bb5 a6 11. Bxc6 Qxc6 12. Qxc6+ Rxc6 13. Ne5 Rc8 14. Nxg4 Nxg4 15. dxc5 Bxc5 16. Ne4 Be7 17. h3 Ne5 18. Ke2 f5 19. Ng5 Rc6 20. Rd1 Bf6 21. Nf3 Nxf3 22. Kxf3 e5 23. Be3 Ke7 24. Rd5 Rd8 25. Bc5+ Ke6 26. Rxd8 Bxd8 27. Rd1 Bf6 28. Ba3 h5 29. g4 e4+ 30. Ke3 hxg4 31. hxg4 g6 32. gxf5+ gxf5 33. c4 Rxc4 34. Rd6+ Ke5 35. f4+ exf3 36. Kxf3 Rf4+ 37. Ke3 Rc4 38. Kf3 Be7 39. Rd3 Bxa3 40. Rxa3 Rf4+ 41. Ke3 Rb4 42. b3 f4+ 43. Kf3 Rd4 44. Ra5+ Rd5 45. Ra4 Rd3+ 46. Ke2 Rd4 47. Ra5+ Ke4 48. Rh5 f3+ 49. Kf2 Rd2+ 50. Ke1 Rxa2 51. Rh7 b5 52. b4 f2+ 53. Kf1 Kd4 54. Rc7 Rb2 55. Rc6 Rxb4 56. Rxa6 Rb2 57. Rc6 b4 58. Rc8 b3 59. Rd8+ Kc5 60. Rc8+ Kd6 61. Rb8 Kc6 62. Rb4 Kc5 63. Rb8 Kd4 64. Rd8+ Kc3 65. Rc8+ Kd2 66. Kxf2 Rc2 67. Rd8+ Kc1+ 68. Ke1 Rc5 69. Rd1+ Kc2 70. Rd2+ Kc3 71. Kd1 Ra5 72. Rd8 Ra1+ 73. Ke2 b2 74. Rc8+ Kd4 0-1

[Event "Vlissingen HZ op 06th"]
[Site "Vlissingen"]
[Date "2002.08.06"]
[Round "4"]
[White "Mellegers, Joost P"]
[Black "Iordachescu, Viorel"]
[Result "0-1"]
[WhiteElo "2280"]
[BlackElo "2555"]
[PlyCount "58"]
[EventDate "2002.08.04"]
[EventType "swiss"]
[EventRounds "9"]
[EventCountry "NED"]
[SourceTitle "CBM 089 Extra"]
[Source "ChessBase"]
[SourceDate "2002.09.10"]
[SourceVersion "2"]
[SourceVersionDate "2002.09.10"]
[SourceQuality "1"]

1. Nf3 d5 2. d4 Nf6 3. c4 e6 4. Nc3 Be7 5. Qc2 0-0 6. cxd5 Nxd5 7. Bd2 Nd7 8. e4 Nb4 9. Qb1 c5 10. a3 cxd4 11. axb4 dxc3 12. bxc3 b6 13. Bd3 Bb7 14. 0-0 Qc7 15. Nd4 Ne5 16. Bc2 Nc4 17. Bc1 a6 18. f4 e5 19. fxe5 Nxe5 20. Nf5 Rae8 21. Nxe7+ Rxe7 22. b5 Ng4 23. Bf4 Qc5+ 24. Kh1 a5 25. Qe1 Re6 26. Rd1 Qxb5 27. Bd6 Rfe8 28. h3 Bxe4 29. hxg4 Bxc2 0-1

[Event "Oberliga NRW 0102 II"]
[Site "Germany"]
[Date "2002.01.13"]
[Round "5.7"]
[White "Mellegers, Joost P"]
[Black "Krallmann, Matthias"]
[Result "1/2-1/2"]
[WhiteElo "2308"]
[BlackElo "2287"]
[PlyCount "98"]
[EventDate "2001.10.??"]
[EventType "team"]
[EventRounds "9"]
[EventCountry "GER"]
[SourceTitle "EXT 2004"]
[Source "ChessBase"]
[SourceDate "2003.11.25"]
[SourceVersion "1"]
[SourceVersionDate "2003.11.25"]
[SourceQuality "1"]
[WhiteTeam "Betzdorf Kirchen"]
[BlackTeam "Lippstadt Turm"]
[WhiteTeamCountry "GER"]
[BlackTeamCountry "GER"]

1. Nf3 c5 2. c4 Nf6 3. Nc3 e6 4. g3 b6 5. Bg2 Bb7 6. 0-0 a6 7. Re1 Be7 8. e4 d6 9. d4 cxd4 10. Nxd4 Qc7 11. Be3 Nbd7 12. f4 0-0 13. Rc1 h5 14. h3 Rfe8 15. b3 Bf8 16. Bf2 Rad8 17. Nf3 g6 18. Qe2 Bg7 19. Ng5 Nh7 20. Nxh7 Kxh7 21. g4 hxg4 22. hxg4 d5 23. e5 dxc4 24. Ne4 Bxe4 25. Rxc4 Qb8 26. Bxe4 Bf8 27. g5 Kg7 28. b4 b5 29. Rc6 Bxb4 30. Rb1 Be7 31. Rxa6 b4 32. Rc1 b3 33. Ra8 Qb4 34. a3 b2 35. Rb1 Qc3 36. Rxd8 Qc1+ 37. Qf1 Qxf1+ 38. Kxf1 Rxd8 39. Rxb2 Bxa3 40. Rd2 Be7 41. Bc6 Nf8 42. Rxd8 Bxd8 43. Ke2 Nh7 44. Be3 Bc7 45. Bd4 Bd8 46. Kf3 Be7 47. Kg4 Ba3 48. Bb6 Kf8 49. Bd8 Bb4 1/2-1/2

[Event "Oberliga NRW 0102 II"]
[Site "Germany"]
[Date "2001.10.21"]
[Round "2.7"]
[White "Mellegers, Joost P"]
[Black "Broehl, Stephan"]
[Result "1-0"]
[WhiteElo "2308"]
[BlackElo "2197"]
[PlyCount "37"]
[EventDate "2001.10.??"]
[EventType "team"]
[EventRounds "9"]
[EventCountry "GER"]
[SourceTitle "EXT 2004"]
[Source "ChessBase"]
[SourceDate "2003.11.25"]
[SourceVersion "1"]
[SourceVersionDate "2003.11.25"]
[SourceQuality "1"]
[WhiteTeam "Betzdorf Kirchen"]
[BlackTeam "Lohmar"]
[WhiteTeamCountry "GER"]
[BlackTeamCountry "GER"]

1. Nf3 d5 2. d4 Nf6 3. c4 c6 4. e3 Bf5 5. Nc3 e6 6. Nh4 Bg6 7. Nxg6 hxg6 8. g3 Nbd7 9. Qe2 Be7 10. Bg2 Nb6 11. b3 0-0 12. 0-0 c5 13. dxc5 Bxc5 14. Rd1 Bb4 15. Bb2 Qc8 16. cxd5 Bxc3 17. Rac1 Nfxd5 18. e4 Nc4 19. Bxc3 1-0

[Event "Lost Boys op"]
[Site "Amsterdam"]
[Date "2001.08.19"]
[Round "9"]
[White "Helvensteijn, Dennis"]
[Black "Mellegers, Joost P"]
[Result "1-0"]
[WhiteElo "2191"]
[BlackElo "2308"]
[PlyCount "75"]
[EventDate "2001.08.10"]
[EventType "swiss"]
[EventRounds "9"]
[EventCountry "NED"]
[SourceTitle "CBM 083 Extra"]
[Source "ChessBase"]
[SourceDate "2001.09.11"]
[SourceVersion "1"]
[SourceVersionDate "2001.09.11"]
[SourceQuality "1"]

1. e4 c5 2. c3 d5 3. exd5 Qxd5 4. d4 Nf6 5. Nf3 Bg4 6. Be2 e6 7. 0-0 Nc6 8. h3 Bh5 9. Be3 cxd4 10. cxd4 Be7 11. Nc3 Qd6 12. Ne5 Bxe2 13. Qxe2 0-0 14. Rfd1 Rac8 15. Rac1 a6 16. Nc4 Qd8 17. d5 exd5 18. Nb6 Rb8 19. Ncxd5 Nxd5 20. Rxd5 Qc7 21. Nd7 Rfe8 22. Qg4 Rbc8 23. Bb6 h5 24. Qf3 Bg5 25. Bxc7 Bxc1 26. Bf4 Bxb2 27. Be3 h4 28. Qg4 Ne7 29. Rd2 Bc3 30. Rc2 f5 31. Qd1 b5 32. Bc5 b4 33. Re2 Ng6 34. Qd5+ Kh7 35. Qxf5 Rxe2 36. Qh5+ Kg8 37. Qxe2 Nf4 38. Qg4 1-0

[Event "Lost Boys op"]
[Site "Amsterdam"]
[Date "2001.08.17"]
[Round "7"]
[White "Van de Vegt, Lenze"]
[Black "Mellegers, Joost P"]
[Result "0-1"]
[WhiteElo "2167"]
[BlackElo "2308"]
[PlyCount "92"]
[EventDate "2001.08.10"]
[EventType "swiss"]
[EventRounds "9"]
[EventCountry "NED"]
[SourceTitle "CBM 083 Extra"]
[Source "ChessBase"]
[SourceDate "2001.09.11"]
[SourceVersion "1"]
[SourceVersionDate "2001.09.11"]
[SourceQuality "1"]

1. e4 c5 2. Nf3 d6 3. d4 cxd4 4. Nxd4 Nf6 5. Nc3 Nc6 6. Bg5 e6 7. Qd2 Be7 8. 0-0-0 Nxd4 9. Qxd4 0-0 10. f4 Qa5 11. Bd3 h6 12. Bh4 e5 13. fxe5 dxe5 14. Qa4 Qxa4 15. Nxa4 Bg4 16. Rd2 Rac8 17. Rf1 Nxe4 18. Bxe7 Nxd2 19. Kxd2 Rfe8 20. Bh4 e4 21. Bb5 Re5 22. Nc3 e3+ 23. Kd3 g5 24. Bg3 Rd8+ 25. Kc4 Rf5 26. Rxf5 Bxf5 27. Kb3 Rd2 28. Be2 Bxc2+ 29. Kc4 Bf5 30. b3 Be6+ 31. Kb4 f5 32. Be1 Rd8 33. h3 b6 34. Bf3 Kh7 35. Nd1 f4 36. Nc3 Kg6 37. Kb5 h5 38. Kc6 g4 39. hxg4 hxg4 40. Be4+ Bf5 41. Bd5 Kg5 42. Ne2 Rc8+ 43. Kd6 Rc2 44. Nd4 Rc1 45. Bb4 a5 46. Ba3 Rd1 0-1

[Event "Lost Boys op"]
[Site "Amsterdam"]
[Date "2001.08.16"]
[Round "6"]
[White "Mellegers, Joost P"]
[Black "Grooten, Herman"]
[Result "0-1"]
[WhiteElo "2308"]
[BlackElo "2374"]
[PlyCount "84"]
[EventDate "2001.08.10"]
[EventType "swiss"]
[EventRounds "9"]
[EventCountry "NED"]
[SourceTitle "CBM 083 Extra"]
[Source "ChessBase"]
[SourceDate "2001.09.11"]
[SourceVersion "1"]
[SourceVersionDate "2001.09.11"]
[SourceQuality "1"]

1. Nf3 Nf6 2. c4 c5 3. Nc3 b6 4. g3 Bb7 5. Bg2 g6 6. 0-0 Bg7 7. d4 cxd4 8. Qxd4 d6 9. Rd1 Nbd7 10. Be3 Rc8 11. Rac1 0-0 12. Qh4 Re8 13. b3 a6 14. Bh3 Rb8 15. Nd5 e6 16. Nxf6+ Bxf6 17. Ng5 Nf8 18. Rd3 Qe7 19. Rcd1 Red8 20. f4 Kg7 21. Bxb6 h6 22. Bxd8 Rxd8 23. Bg2 hxg5 24. fxg5 Bxg5 25. Qd4+ e5 26. Qb6 e4 27. Rc3 Qe5 28. Rc2 Ba8 29. Kh1 Ne6 30. b4 e3 31. Bxa8 Rxa8 32. Qb7 Rh8 33. Rf1 Bf6 34. Qf3 Nd4 35. Qxf6+ Qxf6 36. Rxf6 Kxf6 37. Rc3 Re8 38. Rd3 Nxe2 39. Rxd6+ Kf5 40. Kg2 Nf4+ 41. gxf4 e2 42. Rd5+ Kxf4 0-1

[Event "Lost Boys op"]
[Site "Amsterdam"]
[Date "2001.08.13"]
[Round "4"]
[White "Mellegers, Joost P"]
[Black "Pel, Bonno"]
[Result "0-1"]
[WhiteElo "2308"]
[BlackElo "2191"]
[PlyCount "79"]
[EventDate "2001.08.10"]
[EventType "swiss"]
[EventRounds "9"]
[EventCountry "NED"]
[SourceTitle "CBM 083 Extra"]
[Source "ChessBase"]
[SourceDate "2001.09.11"]
[SourceVersion "1"]
[SourceVersionDate "2001.09.11"]
[SourceQuality "1"]

1. Nf3 g6 2. e4 d6 3. c4 Bg7 4. d4 Nf6 5. Nc3 0-0 6. Be2 e5 7. 0-0 Na6 8. Be3 c6 9. d5 Ng4 10. Bg5 f6 11. Bh4 Nh6 12. Ne1 g5 13. Bg3 f5 14. exf5 Nxf5 15. Ne4 Nd4 16. Bg4 cxd5 17. cxd5 Nc5 18. Bxc8 Nxe4 19. Bg4 Qa5 20. Nc2 Qxd5 21. Nxd4 exd4 22. Bf3 Rae8 23. Re1 Qf5 24. Qb3+ d5 25. Qxb7 g4 26. Bxe4 dxe4 27. Qxa7 h5 28. Rad1 Qf6 29. Qd7 Rd8 30. Qc7 h4 31. Rxe4 hxg3 32. Qxg3 d3 33. Rxg4 Qxb2 34. h4 Kh8 35. h5 Qe2 36. Rf1 Qxf1+ 37. Kxf1 d2 38. Kg1 d1Q+ 39. Kh2 Rd5 40. Rh4 0-1

[Event "Lost Boys op"]
[Site "Amsterdam"]
[Date "2001.08.10"]
[Round "1"]
[White "Timman, Jan H"]
[Black "Mellegers, Joost P"]
[Result "1/2-1/2"]
[WhiteElo "2597"]
[BlackElo "2308"]
[PlyCount "56"]
[EventDate "2001.08.10"]
[EventType "swiss"]
[EventRounds "9"]
[EventCountry "NED"]
[SourceTitle "CBM 083 Extra"]
[Source "ChessBase"]
[SourceDate "2001.09.11"]
[SourceVersion "1"]
[SourceVersionDate "2001.09.11"]
[SourceQuality "1"]

1. e4 c5 2. Nf3 d6 3. c3 Nf6 4. Be2 Nc6 5. Qc2 g6 6. d4 cxd4 7. Nxd4 Bd7 8. Be3 Bg7 9. Nd2 0-0 10. 0-0 a6 11. Rae1 Rc8 12. Qb1 Nxd4 13. cxd4 Ng4 14. Bxg4 Bxg4 15. f4 d5 16. h3 Bd7 17. e5 Bf5 18. Qd1 Rc2 19. Qa1 Qb6 20. Nb3 Rfc8 21. Rf2 Qb5 22. Bd2 b6 23. Bc3 Rxf2 24. Kxf2 Bh6 25. g3 Qd3 26. Re3 Qc2+ 27. Re2 Qd3 28. Re3 Qc2+ 1/2-1/2

[Event "Utrecht OKU op-A"]
[Site "Utrecht"]
[Date "2001.??.??"]
[Round "5"]
[White "Tiggelman, Rene"]
[Black "Mellegers, Joost P"]
[Result "1-0"]
[WhiteElo "2155"]
[BlackElo "2291"]
[PlyCount "103"]
[EventDate "2001.05.??"]
[EventType "swiss"]
[EventRounds "6"]
[EventCountry "NED"]
[SourceTitle "EXT 2003"]
[Source "ChessBase"]
[SourceDate "2002.11.25"]
[SourceVersion "1"]
[SourceVersionDate "2002.11.25"]
[SourceQuality "1"]

1. Nf3 d5 2. c4 c6 3. g3 Nf6 4. Bg2 Bg4 5. 0-0 Nbd7 6. d4 e6 7. Qb3 Qb6 8. Be3 Be7 9. Nc3 0-0 10. Nd2 dxc4 11. Nxc4 Qxb3 12. axb3 Nd5 13. Bxd5 cxd5 14. Na5 Bb4 15. Nxb7 Rfb8 16. Na5 Bxa5 17. Rxa5 Rxb3 18. Ra2 h6 19. Rfa1 Nb6 20. Bc1 Nc4 21. f3 Bh5 22. Na4 Rb4 23. Nc5 g5 24. b3 Nd6 25. Bd2 Rb5 26. Rxa7 Rxa7 27. Rxa7 Bg6 28. g4 Rb8 29. h4 Nb5 30. Ra4 gxh4 31. Rb4 Bc2 32. Bf4 Rb6 33. Na4 Rb7 34. Nc5 Rb6 35. Bxh6 e5 36. Be3 exd4 37. Bf2 Bd1 38. Nd7 Rd6 39. Rxb5 Rxd7 40. Bxd4 Bxe2 41. Rb8+ Kh7 42. Kf2 Bd1 43. b4 f6 44. Bxf6 h3 45. Rh8+ Kg6 46. Bd4 Rh7 47. Rxh7 Kxh7 48. Be5 Kg6 49. b5 Ba4 50. b6 Bc6 51. Bd4 Bb7 52. Kg3 1-0

[Event "Oberliga NRW 0001 I"]
[Site "NRW"]
[Date "2000.10.29"]
[Round "2.6"]
[White "Wagner, Alexej"]
[Black "Mellegers, Joost P"]
[Result "1-0"]
[WhiteElo "2239"]
[BlackElo "2252"]
[PlyCount "105"]
[EventDate "2000.09.24"]
[EventType "team"]
[EventRounds "9"]
[EventCountry "GER"]
[SourceTitle "EXT 2006"]
[Source "ChessBase"]
[SourceDate "2005.11.24"]
[SourceVersion "1"]
[SourceVersionDate "2005.11.24"]
[SourceQuality "1"]
[WhiteTeam "Lippstadt Turm"]
[BlackTeam "Betzdorf Kirchen"]
[WhiteTeamCountry "GER"]
[BlackTeamCountry "GER"]

1. d4 d5 2. c4 c6 3. e3 Nf6 4. Nf3 e6 5. Nc3 Nbd7 6. Qc2 Bd6 7. Be2 0-0 8. 0-0 e5 9. cxd5 cxd5 10. Nb5 Bb8 11. dxe5 Nxe5 12. Nbd4 Bg4 13. Nxe5 Bxe2 14. Qxe2 Bxe5 15. Qd3 Rc8 16. b3 Qc7 17. h3 Bxd4 18. Qxd4 Qc3 19. Bb2 Qxd4 20. Bxd4 Ne4 21. Bxa7 Rc2 22. f3 Ng3 23. Rf2 Rfc8 24. Rxc2 Rxc2 25. b4 Ne2+ 26. Kh2 f5 27. f4 Kf7 28. a4 Rc4 29. Bc5 Nc3 30. Bd6 Ne4 31. Be5 Rxb4 32. Rc1 Rc4 33. Rb1 Nc5 34. a5 g6 35. Bd4 Ke6 36. Rb6+ Kd7 37. Bxc5 Rxc5 38. Rxb7+ Ke6 39. a6 Ra5 40. a7 h6 41. Kg3 Ra2 42. Rh7 Kf6 43. Kf3 h5 44. Kg3 g5 45. Rh6+ Kg7 46. fxg5 Rxa7 47. h4 Ra3 48. Kf4 Ra4+ 49. Kxf5 Rxh4 50. Rd6 Re4 51. Rd7+ Kg8 52. Kf6 Ra4 53. Rd8+ 1-0

[Event "Dieren op"]
[Site "Dieren"]
[Date "2000.07.27"]
[Round "9"]
[White "Mellegers, Joost P"]
[Black "Van der Elburg, Freddie"]
[Result "1-0"]
[WhiteElo "2252"]
[BlackElo "2354"]
[PlyCount "87"]
[EventDate "2000.07.18"]
[EventType "swiss"]
[EventRounds "9"]
[EventCountry "NED"]
[SourceTitle "CBM 077 Extra"]
[Source "ChessBase"]
[SourceDate "2000.09.14"]
[SourceVersion "1"]
[SourceVersionDate "2000.09.14"]
[SourceQuality "1"]

1. Nf3 f5 2. c4 Nf6 3. g3 g6 4. Bg2 Bg7 5. 0-0 0-0 6. d4 d6 7. Nc3 c6 8. d5 Bd7 9. Rb1 Na6 10. b4 Rc8 11. Qb3 Kh8 12. Be3 cxd5 13. Nxd5 Nxd5 14. cxd5 Nc7 15. a4 Qe8 16. b5 b6 17. Bd4 e5 18. dxe6 Nxe6 19. Bxg7+ Kxg7 20. Rfd1 Qe7 21. Qd3 Nc5 22. Qxd6 Qxd6 23. Rxd6 Rc7 24. Rc1 Rf6 25. Rd4 Re6 26. e3 Be8 27. Rdc4 Ree7 28. Nd4 a6 29. bxa6 Ra7 30. a5 Rxa6 31. axb6 Ne4 32. Rc7 Kf7 33. b7 Rb6 34. Bxe4 fxe4 35. Rxe7+ Kxe7 36. Rc7+ Bd7 37. b8Q Rxb8 38. Nc6+ Kd6 39. Rxd7+ Kxc6 40. Rxh7 Kd5 41. Rg7 Rb6 42. g4 Re6 43. Kg2 Ke5 44. Rf7 1-0

[Event "Dieren op"]
[Site "Dieren"]
[Date "2000.07.24"]
[Round "6"]
[White "Hoogendoorn, Joost"]
[Black "Mellegers, Joost P"]
[Result "1/2-1/2"]
[WhiteElo "2358"]
[BlackElo "2252"]
[PlyCount "148"]
[EventDate "2000.07.18"]
[EventType "swiss"]
[EventRounds "9"]
[EventCountry "NED"]
[SourceTitle "CBM 077 Extra"]
[Source "ChessBase"]
[SourceDate "2000.09.14"]
[SourceVersion "1"]
[SourceVersionDate "2000.09.14"]
[SourceQuality "1"]

1. e4 c5 2. Nf3 d6 3. b4 cxb4 4. d4 Nf6 5. Bd3 Bg4 6. a3 bxa3 7. Bxa3 Nc6 8. c3 e6 9. Nbd2 Be7 10. Qb3 0-0 11. Qxb7 Qc8 12. Ba6 Qe8 13. Bb5 Rb8 14. Qa6 Rb6 15. Qa4 a6 16. Be2 d5 17. e5 Ne4 18. Nxe4 dxe4 19. Nd2 Bxe2 20. Kxe2 Bxa3 21. Qxa3 f6 22. exf6 Qh5+ 23. f3 exf3+ 24. gxf3 Qb5+ 25. Kf2 Qd3 26. Qc1 Rxf6 27. Re1 Rb8 28. Re3 Qb5 29. Rb1 Qh5 30. Rxb8+ Nxb8 31. Nf1 Rg6 32. Re4 Qh3 33. Qf4 Nd7 34. Ne3 Rf6 35. Qg3 Qxg3+ 36. hxg3 a5 37. Ng4 Rf8 38. Rxe6 Ra8 39. Re2 Nb6 40. Ne3 a4 41. Ra2 Rc8 42. Ra3 Kf7 43. Ke2 Re8 44. Ra2 Nc4 45. Kd3 Nxe3 46. Rxa4 Nf1 47. Ra7+ Kg8 48. d5 Nxg3 49. c4 h5 50. d6 Nf5 51. c5 Rd8 52. Ke4 Nxd6+ 53. cxd6 Rxd6 54. Kf5 Kh7 55. Kg5 Rd5+ 56. Kh4 Kh6 57. Ra6+ g6 58. Rb6 Ra5 59. Rc6 Rf5 60. Kg3 Kg5 61. f4+ Kh6 62. Ra6 Rb5 63. Rc6 Rb3+ 64. Kg2 Rb5 65. Kg3 Kg7 66. Ra6 Kf7 67. Rc6 Rb3+ 68. Kg2 h4 69. Ra6 Re3 70. Rb6 Re6 71. Rb5 Rf6 72. Kf3 Rf5 73. Rb7+ Kf6 74. Rb6+ Kf7 1/2-1/2